000 00322nam a2200133Ia 4500
005 20260328104310.0
008 260328s9999||||xx |||||||||||||| ||und||
100 _aClair, Kassia St.
245 4 _aThe Secret Lives of Color /
_cKassia St. Clair
260 _bPenguin
300 _a320 p.
650 _aCOLOR
942 _cBK
999 _c10932
_d10932